[Event "Capablanca mem Premier II"]
[Site "Havana"]
[Date "1999.05.09"]
[Round "3"]
[White "Bellon Lopez, Juan Manuel"]
[Black "Schussler, Harry"]
[Result "1-0"]
[WhiteElo "2447"]
[BlackElo "2455"]
[PlyCount "149"]
[EventDate "1999.05.??"]
[Source "ChessBase"]
[SourceDate "1999.07.10"]

1. b3 Nf6 2. Bb2 g6 3. e4 d6 4. g3 Bg7 5. Bg2 c5 6. Ne2 e5 7. O-O Nc6 8. f4 O-O 9. Na3 Re8 10. d3 d5 11. exd5 Nxd5 12. Qd2 e4 13. Bxg7 e3 14. Qc1 Kxg7 15. Qb2+ f6 16. c3 Bg4 17. Rae1 Qd7 18. Nc2 Re7 19. a3 Qf5 20. c4 Nb6 21. Be4 Qd7 22. Nxe3 Bxe2 23. Rxe2 Nd4 24. Ree1 f5 25. Bf3 Kf7 26. Bd1 Rae8 27. Kf2 Nc8 28. b4 b6 29. Qc3 Qc6 30. Nd5 Re6 31. bxc5 Qxc5 32. Qb4 Rxe1 33. Rxe1 Rxe1 34. Kxe1 Ne7 35. Qxc5 bxc5 36. Nc7 Nec6 37. Ba4 Nd8 38. Kd2 Ke7 39. Ke3 N8e6 40. Nd5+ Kd6 41. Nf6 Nf8 42. h3 h5 43. Nd5 Nfe6 44. Be8 Nf8 45. Kf2 Ke6 46. Kg2 Nc2 47. Kf3 Ne1+ 48. Ke3 Nc2+ 49. Ke2 Nd4+ 50. Kf2 Nc2 51. Nc3 Ke7 52. Ba4 Nd4 53. Nb5 Nc6 54. Bd1 a6 55. Nc7 Kd6 56. Nd5 Nd4 57. g4 hxg4 58. hxg4 fxg4 59. Bxg4 Nh7 60. Bf3 Nc2 61. Nc3 Nf8 62. a4 Ne6 63. Kg3 Ncd4 64. Bd5 Kc7 65. Bxe6 Nxe6 66. Nd5+ Kd6 67. Kg4 Kd7 68. Kf3 Kd6 69. Nc3 Nd4+ 70. Kg4 Ne6 71. Ne4+ Ke7 72. Ng5 Nd4 73. Nf3 Kf6 74. Nxd4 cxd4 75. a5 1-0

[Event "AUT-chT2M 9899"]
[Site "?"]
[Date "1999.03.14"]
[Round "11"]
[White "Hertneck Gerald"]
[Black "Schmidt Peter"]
[Result "1-0"]
[WhiteElo "2555"]
[BlackElo "2340"]
[PlyCount "57"]
[EventDate "1999.??.??"]
[Source "www.chesslib.no"]
[SourceDate "2004.05.04"]

1. b3 Nf6 2. Bb2 g6 3. g3 Bg7 4. Bg2 c5 5. c4 d6 6. Nc3 O-O 7. e3 Nc6 8. Nge2 h5 9. d4 Bd7 10. Qd2 Qc8 11. h3 Rb8 12. d5 Na5 13. Nb5 a6 14. Nxd6 exd6 15. Qxa5 Nxd5 16. Bxg7 Nb4 17. Bxf8 b6 18. Qxb4 cxb4 19. Bxd6 Bc6 20. Bxb8 Bxg2 21. Rh2 Bb7 22. Bd6 a5 23. Rd1 Bf3 24. g4 hxg4 25. hxg4 Qxg4 26. Rd4 Qf5 27. e4 Qf6 28. Bf4 g5 29. Be3 1-0

[Event "Smederevska Polanka"]
[Site "Smederevska Polanka"]
[Date "1979.06.??"]
[Round "6"]
[White "Schussler, Harry"]
[Black "Ciocaltea, Viktor"]
[Result "1/2-1/2"]
[WhiteElo "2460"]
[BlackElo "2430"]
[PlyCount "35"]
[EventDate "1979.06.??"]
[Source "www.chesslib.no"]
[SourceDate "2004.05.04"]

1. b3 Nf6 2. Bb2 g6 3. Nf3 Bg7 4. e3 O-O 5. Be2 d6 6. d4 a5 7. c4 c6 8. Nc3 Nbd7 9. O-O Nb8 10. e4 Na6 11. Re1 Nd7 12. Qc2 e5 13. Rad1 Re8 14. Bf1 Qe7 15. Na4 Rb8 16. Qd2 b6 17. g3 Nf8 18. h3 1/2-1/2

[Event "Moscow7"]
[Site "Moscow RUS"]
[Date "1995.??.??"]
[Round "?"]
[White "Dragomarezkij, Evgeni"]
[Black "Annakov, Babakuli"]
[Result "0-1"]
[WhiteElo "2465"]
[BlackElo "2420"]
[PlyCount "76"]
[EventDate "1995.??.??"]
[Source "www.chesslib.no"]
[SourceDate "2004.05.04"]

1. b3 Nf6 2. Bb2 e6 3. c4 d5 4. Nf3 c5 5. cxd5 exd5 6. d4 Nc6 7. e3 Be7 8. Be2 O-O 9. O-O Ne4 10. dxc5 Bxc5 11. Nc3 Be6 12. Rc1 Qa5 13. Na4 Be7 14. a3 Rac8 15. b4 Qd8 16. Nd4 Nxd4 17. Bxd4 b6 18. Rxc8 Qxc8 19. Bd3 Nd6 20. Qa1 Bf5 21. Be2 f6 22. Nc3 Be6 23. Bf3 Qc4 24. Rc1 Rc8 25. Ne2 Qb5 26. Rxc8+ Nxc8 27. Bb2 Bf7 28. Nc3 Qd3 29. Be2 Qc2 30. Bf3 Qd3 31. Qd1 Qxd1+ 32. Bxd1 a5 33. b5 Nd6 34. Bf3 Nc4 35. Nxd5 Bxa3 36. Bd4 Bb2 37. Bxb2 Nxb2 38. Nxb6 a4 0-1

[Event "FRA-chT 9900"]
[Site "?"]
[Date "2000.03.31"]
[Round "5.4"]
[White "Bellon Lopez Juan Manuel"]
[Black "Marcelin Cyril"]
[Result "1-0"]
[WhiteElo "2446"]
[BlackElo "2439"]
[PlyCount "55"]
[EventDate "2000.??.??"]
[Source "www.chesslib.no"]
[SourceDate "2004.05.04"]

1. b3 Nf6 2. Bb2 g6 3. e4 d6 4. g3 Bg7 5. Bg2 O-O 6. d4 e5 7. dxe5 Nfd7 8. Nc3 Nxe5 9. f4 Nec6 10. Qd2 Nd7 11. Nge2 Nc5 12. O-O-O Bg4 13. Rhe1 a5 14. h3 Bxe2 15. Rxe2 a4 16. Nd5 axb3 17. Bxg7 Kxg7 18. cxb3 f6 19. Kb1 Ne7 20. Nc3 Nc6 21. h4 Ra3 22. Qb2 Ra6 23. e5 Qa8 24. exf6+ Kh8 25. Nd5 Rf7 26. Nxc7 Rxc7 27. f7+ Ne5 28. Rxe5 1-0

[Event "Frunze"]
[Site "Frunze"]
[Date "1983.??.??"]
[Round "?"]
[White "Bagirov, Vladimir"]
[Black "Schneider, Attila"]
[Result "1/2-1/2"]
[WhiteElo "2500"]
[BlackElo "2385"]
[PlyCount "81"]
[EventDate "1983.05.??"]
[Source "ChessBase"]

1. b3 Nf6 2. Bb2 e6 3. e3 b6 4. f4 Bb7 5. Nf3 Be7 6. g3 O-O 7. Bg2 c5 8. O-O Nc6 9. d3 d5 10. Qe2 Rc8 11. c4 Rc7 12. Ne5 dxc4 13. bxc4 Nd7 14. Nxc6 Bxc6 15. Bxc6 Rxc6 16. Nc3 Bf6 17. Rad1 Nb8 18. f5 Bxc3 19. Bxc3 exf5 20. Rxf5 Rg6 21. Qf3 Nc6 22. Rf1 Qxd3 23. Bxg7 Rxg7 24. Qxc6 Qxe3+ 25. R5f2 Qd4 26. Qa4 a5 27. Re1 Qd3 28. Qb3 Qxb3 29. axb3 Rg6 30. Re7 Re6 31. Rb7 Kg7 32. Kg2 Kg6 33. Rd2 Rfe8 34. h4 Rf6 35. Rf2 Ree6 36. g4 h6 37. Rxf6+ Rxf6 38. Kg3 h5 39. gxh5+ Kxh5 40. Rb8 Rh6 41. Rb7 1/2-1/2

[Event "XXV Festival internazionale - Open A"]
[Site "Bled SLO"]
[Date "2008.02.26"]
[Round "5"]
[White "Barle, Janez"]
[Black "Skoberne, Jure"]
[Result "1/2-1/2"]
[WhiteElo "2396"]
[BlackElo "2484"]
[PlyCount "112"]
[EventDate "8.02.24"]
[Source "www.chesslib.no"]
[SourceDate "2004.05.04"]

1. b3 Nf6 2. Bb2 d5 3. e3 Bf5 4. Nf3 e6 5. Be2 h6 6. O-O Be7 7. c4 O-O 8. Nc3 c5 9. cxd5 Nxd5 10. Nxd5 Qxd5 11. Ne5 Nd7 12. Bf3 Qd6 13. Nc4 Qc7 14. d4 Rad8 15. e4 Bg6 16. d5 exd5 17. exd5 Bf6 18. Qd2 Bxb2 19. Qxb2 b5 20. d6 Qb8 21. Na5 Qxd6 22. Nb7 Qe5 23. Qxe5 Nxe5 24. Nxd8 Nxf3+ 25. gxf3 Rxd8 26. Rfd1 Bd3 27. Rac1 Rd5 28. f4 c4 29. Kg2 Kh7 30. Kf3 Rh5 31. Kg3 Kg6 32. Re1 Rc5 33. Re7 a6 34. Kf3 Rc8 35. Rd7 Bf5 36. Rd6+ Kh7 37. bxc4 bxc4 38. Rxa6 c3 39. Ra5 g6 40. Ke3 Kg7 41. Kd4 c2 42. Rxf5 gxf5 43. Kd3 Kg6 44. Rxc2 Ra8 45. f3 Kh5 46. Kd4 Ra5 47. Kc4 Ra8 48. Kd5 Ra5+ 49. Kd6 Kg6 50. Kc6 Ra8 51. Rf2 Kf6 52. Kb5 Rb8+ 53. Kc4 Rc8+ 54. Kb4 Rb8+ 55. Kc3 Rc8+ 56. Kb3 Rb8+ 1/2-1/2

[Event "VII Open International d'Agneaux St-Lo"]
[Site "Agneaux"]
[Date "2003.03.02"]
[Round "7"]
[White "Ivanov, Mikhail M"]
[Black "Karpatchev, Aleksandr"]
[Result "1/2-1/2"]
[WhiteElo "2442"]
[BlackElo "2430"]
[PlyCount "36"]
[EventDate "2003.02.26"]
[Source "Roberto Alvarez"]
[SourceDate "2003.03.03"]

1. b3 Nf6 2. Bb2 g6 3. g3 Bg7 4. Bg2 O-O 5. c4 c6 6. Nh3 d5 7. cxd5 cxd5 8. d4 Nc6 9. Nf4 e6 10. O-O b6 11. Nc3 Ba6 12. a4 Qd7 13. Nb5 Rfc8 14. Ba3 Na5 15. Qd3 Ne4 16. Rad1 Bxb5 17. axb5 Nd6 18. Bxd6 Qxd6 1/2-1/2

[Event "IND-ch"]
[Site "?"]
[Date "1998.??.??"]
[Round "?"]
[White "Sasikiran Krishnan"]
[Black "Prasad Devaki V"]
[Result "1/2-1/2"]
[WhiteElo "2470"]
[BlackElo "2400"]
[PlyCount "75"]
[EventDate "1998.??.??"]
[Source "www.chesslib.no"]
[SourceDate "2004.05.04"]

1. b3 Nf6 2. Bb2 g6 3. e4 Bg7 4. e5 Nd5 5. Nf3 d6 6. d4 Bg4 7. h3 Bxf3 8. Qxf3 c6 9. Bc4 dxe5 10. dxe5 O-O 11. O-O Nd7 12. Qe2 N7b6 13. Nd2 Qc7 14. Nf3 Rfd8 15. Rfe1 a5 16. a4 e6 17. Qe4 Nxc4 18. bxc4 Nb4 19. Bc1 c5 20. Bg5 Rd7 21. c3 Nc6 22. Qe3 Ne7 23. Bxe7 Rxe7 24. Red1 Rd7 25. Rxd7 Qxd7 26. Qxc5 Rc8 27. Qxa5 Rxc4 28. Qb5 Qxb5 29. axb5 Rxc3 30. Ra8+ Bf8 31. Rb8 Rc7 32. Kh2 Kg7 33. b6 Rd7 34. Rc8 h6 35. Rc7 Rd1 36. Rxb7 Bc5 37. Rb8 Rb1 38. b7 1/2-1/2

[Event "Arabian Ch"]
[Site "Dubai UAE"]
[Date "1995.??.??"]
[Round "?"]
[White "Bouaziz, Slim"]
[Black "Hakki, Imad"]
[Result "1/2-1/2"]
[WhiteElo "2510"]
[BlackElo "2360"]
[PlyCount "54"]
[EventDate "1995.??.??"]
[Source "www.chesslib.no"]
[SourceDate "2004.05.04"]

1. b3 Nf6 2. Bb2 g6 3. e4 d6 4. f4 Bg7 5. Nf3 O-O 6. d3 e5 7. fxe5 Ng4 8. Nc3 dxe5 9. h3 Ne3 10. Qd2 Nxf1 11. Rxf1 Nc6 12. O-O-O Be6 13. Kb1 h6 14. g4 a5 15. Qh2 Re8 16. Nb5 Rc8 17. d4 exd4 18. Nbxd4 Nxd4 19. Bxd4 Bxd4 20. Nxd4 Qe7 21. Qd2 a4 22. Qxh6 axb3 23. axb3 Ra8 24. Nxe6 Qxe6 25. Qf4 Re7 26. Rd4 Rd7 27. Rxd7 Qxd7 1/2-1/2

[Event "XXIV Open"]
[Site "Cappelle La Grande FRA"]
[Date "2008.02.19"]
[Round "5"]
[White "Totsky, L."]
[Black "Frois, A."]
[Result "1/2-1/2"]
[WhiteElo "2498"]
[BlackElo "2368"]
[PlyCount "20"]
[EventDate "2008.02.16"]
[Source "www.chesslib.no"]
[SourceDate "2004.05.04"]

1. b3 Nf6 2. Bb2 g6 3. e4 d6 4. f4 Bg7 5. Nf3 O-O 6. e5 Nd5 7. g3 c5 8. Bg2 Nc6 9. Na3 Nb6 10. Qe2 Bg4 1/2-1/2

[Event "It (open)"]
[Site "?"]
[Date "2005.09.30"]
[Round "7"]
[White "Blatny Pavel"]
[Black "Kanovsky David"]
[Result "0-1"]
[WhiteElo "2533"]
[BlackElo "2328"]
[PlyCount "60"]
[EventDate "2005.??.??"]
[Source "www.chesslib.no"]
[SourceDate "2004.05.04"]

1. b3 Nf6 2. Bb2 e6 3. g3 Be7 4. Bg2 c5 5. e3 Qc7 6. f4 h5 7. h3 Nc6 8. g4 hxg4 9. hxg4 Rxh1 10. Bxh1 g5 11. Nh3 gxf4 12. exf4 d5 13. g5 Ne4 14. Bxe4 dxe4 15. Qh5 b6 16. Nc3 Nd4 17. O-O-O Bb7 18. Kb1 Bd6 19. Qh8+ Bf8 20. Qh7 O-O-O 21. Nxe4 c4 22. b4 Bxb4 23. c3 Nf5 24. cxb4 Bxe4+ 25. Ka1 c3 26. Bxc3 Qxc3+ 27. dxc3 Rxd1+ 28. Kb2 Rb1+ 29. Ka3 Nd6 30. Qh8+ Kb7 0-1

[Event "Vila de Sitges op-27"]
[Site "Sitges"]
[Date "2001.??.??"]
[Round "6"]
[White "Gonzalez, Jorge"]
[Black "Alonso, Salvador"]
[Result "0-1"]
[WhiteElo "2428"]
[BlackElo "2430"]
[PlyCount "137"]
[EventDate "2001.07.20"]
[Source "www.chesslib.no"]
[SourceDate "2004.05.04"]

1. b3 Nf6 2. Bb2 g6 3. Bxf6 exf6 4. d4 d5 5. e3 c6 6. g3 Bd6 7. Bg2 h5 8. h4 Bg4 9. Ne2 Nd7 10. a3 O-O 11. Nd2 Re8 12. Nf3 a5 13. c4 dxc4 14. bxc4 c5 15. O-O cxd4 16. exd4 b6 17. Nc3 Rc8 18. Nb5 Bb8 19. Qb3 Nf8 20. d5 Bxf3 21. Bxf3 Qe7 22. Rac1 Qc5 23. Kg2 Nd7 24. Rfd1 Bd6 25. Re1 Rxe1 26. Rxe1 Ne5 27. Be2 Nd7 28. Rb1 Re8 29. Bf1 f5 30. Qa4 f4 31. Nxd6 Qxd6 32. Qc6 Qe7 33. d6 Qe6 34. Qd5 fxg3 35. fxg3 Qg4 36. Rb3 Re5 37. Qc6 Qe6 38. Rd3 Rc5 39. Qa8+ Kg7 40. Rd2 Re5 41. Qf3 Re3 42. Qf4 Re4 43. Qf2 Re3 44. Qf4 Re4 45. Qf2 Re3 46. a4 Qe4+ 47. Kh2 Ne5 48. Be2 Nd7 49. Kg1 Ra3 50. Kh2 Re3 51. Qg2 Qe5 52. Bf3 Qc3 53. Rf2 Ne5 54. Be2 Qd4 55. Qd5 Re4 56. Kg2 Qxd5 57. cxd5 Rd4 58. d7 Nxd7 59. Bb5 Nf6 60. Rc2 Nxd5 61. Rc8 Ne3+ 62. Kf3 Nf5 63. Rb8 Rd6 64. Rb7 Nd4+ 65. Ke4 Nxb5 66. axb5 Kf6 67. Rb8 Ke6 68. Rb7 a4 69. Rb8 0-1

[Event "3. Neckaropen"]
[Site "?"]
[Date "1999.04.04"]
[Round "7"]
[White "Bagirov Vladimir K"]
[Black "Gerstner Wolfgang"]
[Result "1/2-1/2"]
[WhiteElo "2493"]
[BlackElo "2365"]
[PlyCount "43"]
[EventDate "1999.??.??"]
[Source "www.chesslib.no"]
[SourceDate "2004.05.04"]

1. b3 Nf6 2. Bb2 d5 3. g3 Bf5 4. Bg2 e6 5. d3 Be7 6. Nd2 h6 7. e4 Bh7 8. f4 c5 9. Nh3 Nc6 10. O-O d4 11. Qe2 O-O 12. Bc1 b5 13. g4 Nb4 14. g5 hxg5 15. fxg5 Nd7 16. Nf3 c4 17. a3 Nc6 18. Nf4 Nce5 19. h4 Rc8 20. Kh1 Nxf3 21. Rxf3 Bd6 22. Bd2 1/2-1/2

[Event "Pernik"]
[Site "Pernik"]
[Date "1976.??.??"]
[Round "5"]
[White "Kirov, Nino"]
[Black "Radev, Nikolai"]
[Result "1/2-1/2"]
[WhiteElo "2485"]
[BlackElo "2370"]
[PlyCount "21"]
[EventDate "1976.??.??"]
[Source "www.chesslib.no"]
[SourceDate "2004.05.04"]

1. b3 Nf6 2. Bb2 g6 3. Bxf6 exf6 4. d4 Bg7 5. e3 O-O 6. Bd3 f5 7. Ne2 d5 8. O-O Nd7 9. Nd2 Nf6 10. c3 c6 11. Qc2 1/2-1/2

[Event "Esbjerg+"]
[Site "Esbjerg DEN"]
[Date "1980.??.??"]
[Round "?"]
[White "Fuller, Maxwell L"]
[Black "Darga, Klaus V"]
[Result "1/2-1/2"]
[WhiteElo "2355"]
[BlackElo "2495"]
[PlyCount "53"]
[EventDate "1980.??.??"]
[Source "www.chesslib.no"]
[SourceDate "2004.05.04"]

1. b3 Nf6 2. Bb2 e6 3. f4 c5 4. e3 Be7 5. Nf3 O-O 6. Be2 Nc6 7. O-O b6 8. c4 Bb7 9. Ne5 d6 10. Nxc6 Bxc6 11. d3 Qc7 12. Nc3 a6 13. Bf3 d5 14. Qe2 b5 15. e4 d4 16. Nd1 Nd7 17. Bc1 bxc4 18. dxc4 e5 19. f5 a5 20. a4 Rfb8 21. Ra3 Qd8 22. Nf2 Ra6 23. Nh3 Ba8 24. g4 h6 25. Rd1 Nf8 26. Rd3 Nh7 27. Bg2 1/2-1/2

[Event "URS-ch sf"]
[Site "?"]
[Date "1981.??.??"]
[Round "?"]
[White "Anikaev Yuri N"]
[Black "Chiburdanidze Maia"]
[Result "0-1"]
[WhiteElo "2425"]
[BlackElo "2425"]
[PlyCount "52"]
[EventDate "1981.??.??"]
[Source "www.chesslib.no"]
[SourceDate "2004.05.04"]

1. b3 Nf6 2. Bb2 g6 3. d4 Bg7 4. Nd2 d5 5. e3 O-O 6. Ngf3 Ne4 7. Nxe4 dxe4 8. Nd2 f5 9. Nc4 Be6 10. Be2 Nc6 11. O-O f4 12. Bg4 Bf5 13. c3 e5 14. dxe5 b5 15. Bxf5 Rxf5 16. Nd2 Qd3 17. Re1 Rd8 18. Nf1 Nxe5 19. exf4 Rxf4 20. Ng3 Ng4 21. Nh1 b4 22. Qc1 Qd2 23. Qxd2 Rxd2 24. Bc1 bxc3 25. Rb1 e3 26. fxe3 Nxe3 0-1

[Event "Jakarta zt"]
[Site "Jakarta"]
[Date "1993.??.??"]
[Round "6"]
[White "Tu Hoang Thong"]
[Black "Rodriguez, Ruben"]
[Result "1-0"]
[WhiteElo "2435"]
[BlackElo "2415"]
[PlyCount "81"]
[EventDate "1993.01.??"]
[Source "ChessBase"]

1. b3 Nf6 2. Bb2 g6 3. Bxf6 exf6 4. e3 Bg7 5. d4 O-O 6. g3 d6 7. Bg2 c6 8. Ne2 f5 9. h4 Nd7 10. Nd2 Nf6 11. O-O Re8 12. a4 a5 13. c3 h6 14. Qc2 g5 15. hxg5 hxg5 16. Rfe1 Ng4 17. Nf1 Qf6 18. Nh2 Qh6 19. Nxg4 fxg4 20. b4 axb4 21. cxb4 Bd7 22. b5 Bf6 23. bxc6 bxc6 24. Reb1 Ra7 25. Rb6 Bd8 26. Rb8 Kg7 27. Rab1 d5 28. R1b7 Rxb7 29. Rxb7 Bc8 30. Rb2 Rh8 31. Qd3 f5 32. Rb8 Qe6 33. Ra8 Kf6 34. a5 Qd7 35. Qb3 Qc7 36. a6 Qb6 37. Qxb6 Bxb6 38. Nc3 Rd8 39. a7 Ke7 40. Na4 Bc7 41. Rb8 1-0

[Event "Barcelona"]
[Site "Barcelona ESP"]
[Date "1996.??.??"]
[Round "8"]
[White "Gonzalez, Juan Carlos"]
[Black "Vehi Bach, Victor M"]
[Result "1-0"]
[WhiteElo "2455"]
[BlackElo "2390"]
[PlyCount "91"]
[EventDate "1996.??.??"]
[Source "www.chesslib.no"]
[SourceDate "2004.05.04"]

1. b3 Nf6 2. Bb2 g6 3. g3 Bg7 4. c4 O-O 5. Bg2 d6 6. Nf3 e5 7. O-O Re8 8. d4 exd4 9. Nxd4 Nbd7 10. Nc3 a6 11. Qc2 Rb8 12. Rad1 c5 13. Nf3 b5 14. cxb5 axb5 15. Rxd6 Qe7 16. Rfd1 b4 17. Nd5 Nxd5 18. R6xd5 Bxb2 19. Qxb2 Nf6 20. Re5 Be6 21. Bh3 Nd7 22. Re4 Qf6 23. Qxf6 Nxf6 24. Rxe6 fxe6 25. Rd6 Ne4 26. Bxe6+ Kg7 27. Rc6 Re7 28. Bc4 Ra8 29. h4 Raa7 30. Rc8 Rec7 31. Rg8+ Kf6 32. Re8 Re7 33. Rf8+ Kg7 34. Rg8+ Kf6 35. g4 h5 36. g5+ Kf5 37. Rf8+ Kg4 38. e3 Ng3 39. Rf4+ Kh3 40. Nh2 Rxe3 41. fxe3 Rxa2 42. Be6+ Nf5 43. Bxf5+ gxf5 44. Nf3 Kg3 45. Kf1 c4 46. Nd4 1-0

[Event "Biel Open"]
[Site "Biel SUI"]
[Date "1993.??.??"]
[Round "4"]
[White "Steinbacher, Matthias"]
[Black "Tkachiev, Vladislav"]
[Result "0-1"]
[WhiteElo "2385"]
[BlackElo "2455"]
[PlyCount "62"]
[EventDate "1993.07.??"]
[Source "www.chesslib.no"]
[SourceDate "2004.05.04"]

1. b3 Nf6 2. Bb2 g6 3. Bxf6 exf6 4. e3 a5 5. c3 d5 6. d4 h5 7. Bd3 h4 8. a3 f5 9. Qc2 Qg5 10. f4 Qe7 11. Nh3 Nd7 12. Kf2 Nf6 13. Re1 Bd7 14. Nd2 Ne4+ 15. Kg1 a4 16. b4 b5 17. Nxe4 fxe4 18. Be2 c6 19. Rf1 Bxh3 20. gxh3 f5 21. Rf2 Bh6 22. Kh1 Kd7 23. Rg1 Rhg8 24. Rfg2 g5 25. Qd1 Kc7 26. Qf1 Kb6 27. fxg5 Rxg5 28. Rxg5 Bxg5 29. Qxf5 Bxe3 30. Rg6 Rd8 31. Bg4 Rf8 0-1

[Event "Open 2004"]
[Site "?"]
[Date "2005.01.01"]
[Round "8.1"]
[White "Blatny Pavel"]
[Black "Bernasek Jan"]
[Result "1-0"]
[WhiteElo "2454"]
[BlackElo "2384"]
[PlyCount "117"]
[EventDate "2005.??.??"]
[Source "www.chesslib.no"]
[SourceDate "2004.05.04"]

1. b3 Nf6 2. Bb2 g6 3. g3 Bg7 4. Bg2 d5 5. e3 c5 6. f4 Nc6 7. Nf3 O-O 8. O-O b6 9. Ne5 Bb7 10. Nxc6 Bxc6 11. Qe2 Rc8 12. d3 c4 13. Rd1 cxd3 14. cxd3 Bd7 15. Bf3 h5 16. a4 Bg4 17. Ra2 Qd7 18. Bd4 Bxf3 19. Qxf3 Ng4 20. Bxg7 Kxg7 21. h3 Nh6 22. Kh2 Rc6 23. e4 Rfc8 24. Qe2 Qe6 25. Rb2 dxe4 26. dxe4 Qf6 27. Na3 h4 28. Nc4 hxg3+ 29. Kxg3 Rh8 30. Qf2 e5 31. Nxe5 Rc3+ 32. Rd3 Ng4 33. hxg4 Qh4+ 34. Kf3 Qh1+ 35. Ke3 Rh3+ 36. Kd4 Qc1 37. Qd2 Rcxd3+ 38. Nxd3 Qc6 39. Rc2 Qd6+ 40. Kc3 g5 41. e5 Qd5 42. Qe2 gxf4 43. Rd2 Re3 44. Qf2 Rf3 45. Qg1 Re3 46. Kc2 Qd4 47. Qf2 f3 48. Qh4 Qe4 49. Qg5+ Kf8 50. Qd8+ Kg7 51. Qf6+ Kg8 52. Qf5 Qc6+ 53. Kb2 Re2 54. Qg5+ Kf8 55. Qd8+ Kg7 56. Qf6+ Qxf6 57. exf6+ Kxf6 58. Rxe2 fxe2 59. Kc3 1-0

[Event "GM, Hasselbacken SWE"]
[Site "?"]
[Date "2001.??.??"]
[Round "9"]
[White "Barkhagen, J."]
[Black "Hermansson, E."]
[Result "1/2-1/2"]
[WhiteElo "2455"]
[BlackElo "2380"]
[PlyCount "99"]
[EventDate "2001.??.??"]
[Source "www.chesslib.no"]
[SourceDate "2004.05.04"]

1. b3 Nf6 2. Bb2 g6 3. Bxf6 exf6 4. c4 f5 5. Nc3 Bg7 6. Rc1 O-O 7. g3 d6 8. Bg2 Nd7 9. e3 Re8 10. Nge2 c6 11. b4 h5 12. b5 Rb8 13. d4 c5 14. dxc5 Nxc5 15. h4 Be6 16. Bd5 a6 17. O-O axb5 18. Nxb5 Be5 19. Bxe6 Rxe6 20. Nec3 Ra8 21. Nd5 Rxa2 22. Nbc7 Ne4 23. Nxe6 fxe6 24. Nf4 Bxf4 25. Qb3 Qa5 26. exf4 Rxf2 27. Rxf2 Nxf2 28. c5 Qd2 29. Qxe6+ Kg7 30. Qe1 Qb2 31. Qc3+ Qxc3 32. Rxc3 Ne4 33. cxd6 Nxd6 34. Rd3 Ne4 35. Kg2 Kf6 36. Rd7 b5 37. Rd5 Nc3 38. Rc5 b4 39. Rc6+ Kf7 40. Kf3 Ne4 41. Rb6 b3 42. Ke3 Nxg3 43. Kd4 Ne4 44. Rxb3 Nf2 45. Ke5 Ng4+ 46. Kd6 Nf2 47. Ra3 Ng4 48. Ra7+ Kf6 49. Kd7 Kf7 50. Kd6+ 1/2-1/2

[Event "Solin"]
[Site "Solingen GER"]
[Date "1993.??.??"]
[Round "?"]
[White "Kovacevic, Vlatko"]
[Black "Sale, Srdjan"]
[Result "0-1"]
[WhiteElo "2485"]
[BlackElo "2350"]
[PlyCount "130"]
[EventDate "1993.??.??"]
[Source "www.chesslib.no"]
[SourceDate "2004.05.04"]

1. b3 Nf6 2. Bb2 g6 3. Bxf6 exf6 4. g3 Bg7 5. d4 f5 6. e3 d5 7. Bg2 c6 8. Ne2 Nd7 9. c4 dxc4 10. bxc4 O-O 11. Nbc3 Re8 12. O-O Nf6 13. Rb1 Qc7 14. Qa4 Bd7 15. Rfd1 b6 16. Nf4 Rac8 17. Qa6 Ng4 18. Rb3 Rb8 19. d5 Ne5 20. dxc6 Bxc6 21. Nb5 Bxb5 22. cxb5 Rbd8 23. Rbb1 Rxd1+ 24. Rxd1 Qc2 25. Rf1 Re7 26. Nd5 Rd7 27. Qa3 Bf8 28. Qc1 Qxc1 29. Rxc1 Kg7 30. Kf1 Nd3 31. Rc4 Ne5 32. Rc8 Ba3 33. h3 Bc5 34. Ke2 Nc4 35. a4 h5 36. h4 Nd6 37. Rg8+ Kxg8 38. Nf6+ Kg7 39. Nxd7 Ba3 40. Bd5 Bb2 41. Kd3 Ba1 42. Kc2 Kg8 43. Kb3 Kg7 44. Ba8 Kg8 45. f4 Kg7 46. Nb8 Bf6 47. Bd5 Kf8 48. Nc6 Nc8 49. Bg2 Be7 50. Kc3 Bc5 51. Kd3 Ke8 52. Ke2 Kf8 53. Bh3 Ne7 54. Nxa7 Nd5 55. Kd3 Nxe3 56. Nc6 Nd1 57. a5 bxa5 58. Nxa5 Nf2+ 59. Ke2 Nxh3 60. Nc4 Ng1+ 61. Kd3 Nf3 62. b6 Ke7 63. b7 Ba7 64. Na3 Kd7 65. Nb5 Bb8 0-1

[Event "Moscow RUS"]
[Site "?"]
[Date "2005.02.23"]
[Round "9"]
[White "Kraai Jesse"]
[Black "Erdogdu Mert"]
[Result "0-1"]
[WhiteElo "2416"]
[BlackElo "2414"]
[PlyCount "90"]
[EventDate "2005.??.??"]
[Source "www.chesslib.no"]
[SourceDate "2004.05.04"]

1. b3 Nf6 2. Bb2 g6 3. Bxf6 exf6 4. c4 f5 5. g3 c6 6. Nf3 f4 7. gxf4 Qf6 8. Nc3 Qxf4 9. Bg2 Bg7 10. d4 O-O 11. Qd2 Qc7 12. O-O d6 13. Qf4 Qe7 14. Rad1 Na6 15. Qg5 Re8 16. Qxe7 Rxe7 17. h3 Bd7 18. e3 f5 19. Ne2 Nc7 20. h4 h6 21. Nf4 Kh7 22. Nd3 Bf6 23. c5 d5 24. Kh2 Rh8 25. Rh1 Ne6 26. Bh3 Nd8 27. h5 g5 28. Nfe5 g4 29. Bf1 Be8 30. Kg3 Rg8 31. f4 gxf3+ 32. Kxf3 Rg1 33. Be2 Rxh1 34. Rxh1 Ne6 35. b4 f4 36. Bd1 fxe3 37. Kxe3 Bg5+ 38. Kf2 Nxd4 39. Bg4 Bf6 40. Ng6 Bxg6 41. hxg6+ Kxg6 42. Bh5+ Kg7 43. Ne1 Bg5 44. Rh3 Re6 45. Ra3 Bh4+ 0-1

[Event "13th Guillermo Garcia Memorial Prem II"]
[Site "?"]
[Date "2005.05.25"]
[Round "5"]
[White "Kallio Heikki"]
[Black "Frois Antonio"]
[Result "1/2-1/2"]
[WhiteElo "2469"]
[BlackElo "2356"]
[PlyCount "160"]
[EventDate "2005.??.??"]
[Source "www.chesslib.no"]
[SourceDate "2004.05.04"]

1. b3 Nf6 2. Bb2 e6 3. e3 d5 4. f4 Bd6 5. Nf3 Qe7 6. Be2 Nbd7 7. c4 e5 8. c5 Bxc5 9. fxe5 Ne4 10. O-O O-O 11. Kh1 c6 12. Qc2 Bb4 13. d3 Ng5 14. Nbd2 Nxf3 15. Nxf3 f6 16. d4 Rf7 17. Bd3 Nf8 18. e4 dxe4 19. Bxe4 f5 20. Bd3 Be6 21. a3 Ba5 22. Nd2 Bxd2 23. Qxd2 Bxb3 24. Bxf5 Bc4 25. Rf2 Be6 26. Bc2 Rd8 27. Raf1 Rxf2 28. Qxf2 Bc4 29. Re1 Ne6 30. Bxh7+ Kxh7 31. Qc2+ Kh8 32. Qxc4 Qh4 33. Qe2 Rf8 34. g3 Qh3 35. Qg2 Qf5 36. a4 Kg8 37. d5 cxd5 38. Qxd5 Rc8 39. Qe4 Qh3 40. Bc1 b6 41. Be3 Qh7 42. Qg4 Rc6 43. h4 Qd3 44. Kg1 Qd5 45. Rd1 Qxe5 46. Bf2 Rd6 47. Re1 Qf6 48. Kg2 Qf7 49. Re3 Nd4 50. Qe4 Rf6 51. Qe8+ Kh7 52. Qxf7 Rxf7 53. h5 g6 54. Re4 Nf5 55. g4 Ng7 56. hxg6+ Kxg6 57. Rc4 Ne6 58. Be3 Rc7 59. Re4 Kf6 60. Kg3 Rc2 61. Rb4 Rc3 62. Kf2 Kg6 63. Ke2 Nc5 64. Kd2 Rd3+ 65. Ke2 Rc3 66. Bxc5 Rxc5 67. Kf3 Rc1 68. Rd4 Kg5 69. Rd5+ Kf6 70. Rd7 Rc3+ 71. Ke2 Rc4 72. g5+ Kxg5 73. Rxa7 Rb4 74. Kd3 b5 75. a5 Ra4 76. a6 Kg6 77. Kc3 Kh6 78. Kb3 Kg6 79. Ra8 Kg7 80. a7 Kh7 1/2-1/2

[Event "Pila"]
[Site "Pila"]
[Date "1992.??.??"]
[Round "7"]
[White "Tibensky, Robert"]
[Black "Plachetka, Jan"]
[Result "1/2-1/2"]
[WhiteElo "2365"]
[BlackElo "2460"]
[PlyCount "66"]
[EventDate "1992.??.??"]
[Source "www.chesslib.no"]
[SourceDate "2004.05.04"]

1. b3 Nf6 2. Bb2 d6 3. d4 g6 4. Nd2 Bg7 5. d5 O-O 6. e4 e6 7. dxe6 Bxe6 8. Bd3 Re8 9. Ne2 Nbd7 10. Rb1 Nc5 11. O-O d5 12. exd5 Nxd5 13. Bxg7 Kxg7 14. Ne4 Qe7 15. Nxc5 Qxc5 16. Qc1 Rad8 17. Re1 Bg4 18. b4 Qb6 19. Ng3 Qd4 20. h3 Bc8 21. Ne2 Qf6 22. Qa3 a6 23. Rbd1 c6 24. Bc4 Bf5 25. Bxd5 Rxd5 26. Rxd5 cxd5 27. Qc1 Re4 28. c3 Qe7 29. Qd2 Bd7 30. f3 Re5 31. Kf2 Bb5 32. Nf4 Bc4 33. a3 f6 1/2-1/2